Normal view
MARC view
Entry Personal Name
001 - CONTROL NUMBER
- control field: 748222
003 - CONTROL NUMBER IDENTIFIER
- control field: OSt
005 - DATE AND TIME OF LATEST TRANSACTION
- control field: 20250326143558.0
008 - FIXED-LENGTH DATA ELEMENTS
- fixed length control field: 250326|| aca||aabn | a|a d
040 ## - CATALOGING SOURCE
- Original cataloging agency: OSt
- Transcribing agency: OSt
100 ## - HEADING--PERSONAL NAME
- Personal name: Frankel M E S
670 ## - SOURCE DATA FOUND
- Source citation: Work cat.: (OSt)1300147: Frankel M E S, Mergers and acquisitions basics : Key steps of acquisitions, divestitures and investments, 2005
